000
00315nam a22001457a 4500
008
221117b ||||| |||| 00| 0 eng d
020
_a
2901429218701
041
_a
eng
080
_a
573
082
_a
573MOR
100
_a
16.1
101
_a
BIO
245
_a
BIOLOGY HOW LIFE WORKS
_c
MORRIS J
942
_2
udc
_c
BK
999
_c
58932
_d
58932